النظم المالية و الإقتصادية في الدولة الإسلامية على ضوء كتاب الخراج لابي يوسف / (رقم التسجيلة. 3274)

تفاصيل مارك
000 -الفاتح
عناصر البيانات ثابتة الطول 00771cam a2200205 i 4500
005 - تاريخ ووقت آخر معاملة
حقل ضبط 20251217102346.0
008 - عناصر البيانات ثابتة الطول
عناصر البيانات ثابتة الطول 250721s1987 qa gr 000 0 ara d
082 14 - رقم تصنيف ديوي العشري
رقم التصنيف 216,9262
رقم المادة م ر ع
100 1# - مدخل رئيسي – اسم شخصي
الاسم الشخصي مرعي، محمد محمد
علاقة الشخص بالعمل/ دوره مؤلف.
245 10 - بيان العنوان
العنوان النظم المالية و الإقتصادية في الدولة الإسلامية على ضوء كتاب الخراج لابي يوسف /
بيان المسؤولية تاليف محمد محمد مرعي.
250 ## - بيان الطبعة
بيان الطبعة الطبعه الاولى.
264 31 - بيانات النشر، التوزيع…إلخ
مكان النشر، التوزيع...إلخ الدوحة :
اسم الناشر، الموزع...إلخ دار الثقافة،
تاريخ النشر، التوزيع...إلخ 1987.
300 ## - الوصف المادي
عدد الوحدات المكونة للوعاء 232 صفحه.
650 17 - مدخل إضافي بالموضوع - مصطلح موضوعي
مصطلح موضوعي أو اسم جغرافي كعنصر مدخل الإقتصاد الإسلامي.
650 17 - مدخل إضافي بالموضوع - مصطلح موضوعي
مصطلح موضوعي أو اسم جغرافي كعنصر مدخل الخراج.
650 17 - مدخل إضافي بالموضوع - مصطلح موضوعي
مصطلح موضوعي أو اسم جغرافي كعنصر مدخل الضرائب.
650 17 - مدخل إضافي بالموضوع - مصطلح موضوعي
مصطلح موضوعي أو اسم جغرافي كعنصر مدخل العراق.
942 ## - بيانات إضافية (كوها)
نوع التنصيف Dewey Decimal Classification
نوع المادة (كوها) كتب
المقتنيات
حالة السحب حالة الفقدان مصدر التصنيف حالة التلف غير قابل للإعارة المكتبة الرئيسية المكتبة الحالية موقع الرف تاريخ التزويد الرقم المتسلسل Total Checkouts رقم الإستدعاء الباركود تاريخ آخر ظهور تاريخ الفاتورة نوع المادة (كوها)
    Dewey Decimal Classification     المكتبة المركزية المكتبة المركزية الإعارة 06/07/2004 245100   216,9262 / م ر ع 245100 28/07/2025 06/07/2004 كتب
    Dewey Decimal Classification     مكتبة صويلح العامة مكتبة صويلح العامة الإعارة 07/02/2016 [12494   216,9262/مرع PLD00372177 28/07/2025 07/02/2016 كتب
Implemented & Customized by: BBB with SCIT (Smart Chains for Information Technology)

Powered by Koha